[Event "GER-ch U12"]
[Site "Willingen"]
[Date "2009.05.30"]
[Round "1"]
[White "Xiong, Ferdinand"]
[Black "Birnkraut, Tim"]
[Result "1/2-1/2"]
[WhiteElo "1815"]
[BlackElo "1328"]
[PlyCount "82"]
[EventDate "2009.05.30"]
[EventType "swiss"]
[EventRounds "11"]
[EventCountry "GER"]
[SourceTitle "EXT 2010"]
[Source "ChessBase"]
[SourceDate "2010.11.25"]
[SourceVersion "1"]
[SourceVersionDate "2010.11.25"]
[SourceQuality "1"]

1. e4 e5 2. Nf3 Nc6 3. Bc4 Bc5 4. b4 Bxb4 5. c3 Ba5 6. d4 exd4 7. 0-0 Nge7 8. Ng5 d5 9. exd5 Ne5 10. Bb3 dxc3 11. Ba3 Bg4 12. Qd4 f6 13. Ne4 Bb6 14. Qxc3 Nxd5 15. Qd2 Ne7 16. Qf4 N7g6 17. Qg3 Qd3 18. Ba4+ Kd8 19. Nbc3 Qxg3 20. hxg3 Ne7 21. Rad1+ Nd7 22. Rd2 Nc6 23. Kh2 Re8 24. f3 Bf5 25. Rfd1 h5 26. Nb5 a6 27. Nbc3 Kc8 28. Nd5 Kb8 29. Nec3 Nc5 30. Bxc6 bxc6 31. Nb4 Kb7 32. Nc2 Bxc2 33. Rxc2 Re7 34. Rb1 Re5 35. Nd1 Ka7 36. Rbc1 Nd3 37. Rb1 Rb5 38. Rb3 Ne5 39. Rbc3 Rd8 40. Nb2 Rd4 41. Bf8 Rd7 1/2-1/2